The sea

Bibliographic Details
Main Author: Georges, Eliane
Other Authors: Plisson, Philip
Format: Book
Published: London : Thames & Hudson , [s.n]
Subjects:

MARC

LEADER 00000cam a2200000 7i4500
001 0000040314
005 20140319.0
008 140319
020 |a 0500542643 
090 0 0 |a 779.37   |b GEO 
100 1 |a Georges, Eliane 
245 1 4 |a The sea   |c Eliane Georges 
260 |a London :   |b Thames & Hudson ,   |c [s.n] 
650 0 |a Marine photography 
650 0 |a Ocean   |x Pictorial works 
700 0 |a Plisson, Philip 
999 |a 0001280080   |b Book   |c REFERENCE   |e Perbadanan Perpustakaan Awam Johor